|
|
|
|
| LEADER |
00000nas a22000001a 4500 |
| 001 |
vtls010302078 |
| 003 |
SK-MaSNL |
| 005 |
20260228163031.0 |
| 008 |
110810d19501954xo er p r 0 b0slo |
| 015 |
|
|
|a SNBDS17XX9999
|
| 015 |
|
|
|a 1293
|2 Balúnová 1945-60
|
| 038 |
|
|
|a SNKBUDS
|
| 040 |
|
|
|a SNK
|b slo
|c SNK
|e AACR2
|
| 041 |
0 |
|
|a slo
|
| 044 |
|
|
|a xo
|c SK
|
| 080 |
|
|
|a 665.9
|2 2001
|
| 080 |
|
|
|a 070.489
|2 2001
|
| 245 |
0 |
0 |
|a Púchovský pneumatikár
|b závodný časopis zamestnancov závodu Matador, národný podnik, Púchov
|
| 260 |
|
|
|a Púchov
|b Vedenie závodu [Matador], ZO KSS, ZR a ZS ČSM
|c 1950-1954
|
| 300 |
|
|
|a 5 roč.
|c 31 x 21 cm
|
| 310 |
|
|
|a 1x za 2 týždne
|
| 362 |
0 |
|
|a Roč. I, č. 1 (1.1.1950)-roč. V, č. 21 (20.12.1954)
|
| 500 |
|
|
|a Zmena podnázvu: od 1/IV (1. jan. 1953) Závodný časopis zamestnancov národného podniku Gumárne 1. mája v Púchove
|
| 500 |
|
|
|a Vych. v Púchove dvojtýždenne
|
| 500 |
|
|
|a Ved. red. Jozef Kvasnica s red. kruhom. Red. Jozef Justus
|
| 500 |
|
|
|a Vyd. Vedenie závodu, ZO KSS, ZR a ZS ČSM
|
| 500 |
|
|
|a Tlač. rozmnož. rotaprintom, od 8/III (15. mája 1952) Tlačiarenské závody Pravda, n. p., záv. v Žiline, od 10/IV (15. mája 1953) Pravda, vyd. ÚV KSS v Žiline
|
| 500 |
|
|
|a Vych. od 1. jan. 1950. Tento údaj doplnený podľa listu red. záv. čas. „Družba gumárov“ z 5. okt. 1963. Posledné číslo 21/V z 20. dec. 1954. Pov. PIO č. 7143/51-II/3 zo 16. apr. 1951
|
| 505 |
8 |
0 |
|g Roč. I. 1950 22 č. po 8 s.
|
| 505 |
8 |
0 |
|g Roč. II. 1951 22 č. po 8 s.
|
| 505 |
8 |
0 |
|g Roč. III. 1952 21 č. po 8 s.
|
| 505 |
8 |
0 |
|g Roč. IV. 1953 17 č. po 8 s.
|
| 505 |
8 |
0 |
|g Roč. V. 1954 21 č. po 8 s.
|
| 580 |
|
|
|a V r. 1959 časopis obnovený, vychádzal pod názvom Družba gumárov
|
| 610 |
2 |
7 |
|a Gumárne 1. mája, n.p. (Púchov)
|x časopisy
|2 SNKBUDS
|9 272827
|
| 650 |
0 |
7 |
|a gumárenský priemysel
|2 SNKPH
|9 67655
|
| 655 |
|
7 |
|a podnikové časopisy
|2 SNKBUDS
|9 265225
|
| 700 |
1 |
|
|a Kvasnica, Jozef
|4 pbd
|9 272828
|
| 700 |
1 |
|
|a Justus, Jozef
|4 pbd
|9 272829
|
| 710 |
2 |
|
|a Gumárne 1. mája, n.p. (Púchov)
|e vydav.
|9 268646
|
| 710 |
2 |
|
|a Matador, n.p. (Púchov)
|e vydav.
|9 272830
|
| 710 |
2 |
|
|a Tlačiarenské závody Pravda (Bratislava, Slovensko).
|b Závod Žilina
|4 prt
|4 prt
|9 228868
|
| 785 |
0 |
0 |
|t Družba gumárov
|x 1210-2369
|
| 852 |
|
|
|a SNK
|b 10000
|h ČSB 847
|
| 852 |
|
|
|a UKB
|b 300000
|h SB 2035
|
| 852 |
|
|
|a SVKKK
|b 900000
|h C 340
|
| 852 |
|
|
|a UKB
|b 300000
|h 20 B 1344
|
| 999 |
|
|
|c 8767
|d 10697
|
| 952 |
|
|
|0 0
|1 0
|4 0
|7 0
|a SNK
|b SNK
|d 2014-04-25
|i snkII. 1821/55
|l 0
|o snkČSB 847/5/1954 D1
|p 17A1075044
|r 2026-02-21 21:03:16
|t č. 1-21
|w 2026-02-21
|y PREZ
|
| 952 |
|
|
|0 0
|1 0
|4 0
|7 0
|a SNK
|b SNK
|d 2014-04-25
|i snkII. 1138/54
|l 0
|o snkČSB 847/4/1953 D1
|p 17A1075043
|r 2026-02-21 21:03:16
|t č. 1-17, neúplný
|w 2026-02-21
|y PREZ
|z chýba č. 17
|